The Dictator Files: Kim Il-sung - Statistics

General Stats
  • This quiz has been taken 490 times
  • The average score is 10 of 18
Answer Stats
Hint Answer % Correct
His grandson who became the leader of the country Kim {Jong}-{un}
94%
Name of his son who became his successor Kim {Jong}-{il}
89%
Country with which North Korea had close political and economic relations until 1991 Soviet Union
88%
"Zone" that was established on the South Korean border Demilitarized Zone
81%
Disaster which struck North Korea from his last year (1994) in office until 1998 Famine
81%
War in which he fought World War II
81%
CIty in which he was born 1912 Pyongyang
77%
His political philosophy, which later became the official ideology of North Korea Juche
58%
In 1978, North Korea kidnapped Shin Sang-ok and Choi Eun-hee and forced them to make these Movies
58%
Political party he ruled {Workers}' Party
56%
U.S. president who travelled to North Korea in 1994 in an effort to persuade Kim to negotiate with the U.S. over its nuclear program Jimmy Carter
54%
Only non-royal world leader that served longer than Kim Il-sung since 1900 Fidel Castro
39%
National holiday that is his birth anniversary – country's most important national holiday Day of the {Sun}
34%
Name by which the Korean War is known to the North Koreans {Father}land Liberation War
34%
After two months in the Korean War, South forces were forced back to this point {Pusan} Perimeter
33%
Soviet security chief who recommended Kim as a communist leader for the then-Soviet occupied part of Korea Lavrentiy {Beria}
32%
His family is said to have originated from this South Korean province North {Jeolla}
9%
Title of his autobiographical book With the {Century}
8%
No matching quizzes found
Score Distribution
Percent of People with Each Score
Percentile by Number Answered
Your Score History
You have not taken this quiz